[Event "11th Reykjavik op"]
[Site "Reykjavik ISL"]
[Date "1984.02.25"]
[Round "10"]
[White "Solmundarson, Magnus"]
[Black "Hansson, Dan"]
[Result "1-0"]
[WhiteElo "2265"]
[BlackElo "2320"]
[EventDate "1984.02.14"]
[PlyCount "76"]

1.c4 e5 2.Nc3 Nf6 3.Nf3 Nc6 4.d3 d5 5.cxd5 Nxd5 6.g3 Be7 7.Nxd5 Qxd5 8.Bg2
O-O 9.O-O Bg4 10.h3 Bd7 11.a3 a5 12.Be3 Qb5 13.Qc2 Rfc8 14.Rfc1 Be6 15.Bc5
Bd8 16.a4 Qa6 17.e3 Rab8 18.Bf1 Qa8 19.Nd2 Ne7 20.Bg2 Nd5 21.Ba3 c6 22.Ne4
c5 23.Qd2 b6 24.d4 exd4 25.exd4 cxd4 26.Qxd4 Qa6 27.Rxc8 Rxc8 28.Nd6 Rc5 
29.Bxc5 bxc5 30.Qxc5 Bb6 31.Qb5 Bxf2+ 32.Kxf2 Qa7+ 33.Kf1 Ne3+ 34.Ke2 g5 
35.Qxg5+ Kf8 36.Qxe3 Qc7 37.Rc1 Qxd6 38.Qc5 Bc4+ 1-0

[Event "11th Reykjavik op"]
[Site "Reykjavik ISL"]
[Date "1984.02.25"]
[Round "10"]
[White "Thorsteins, Karl"]
[Black "Shamkovich, Leonid"]
[Result "1/2-1/2"]
[WhiteElo "2375"]
[BlackElo "2450"]
[EventDate "1984.02.14"]
[PlyCount "62"]

1.e4 c5 2.Nf3 Nc6 3.d4 cxd4 4.Nxd4 e6 5.Nc3 d6 6.Be3 Nf6 7.f4 e5 8.Nf3 
exf4 9.Bxf4 Be7 10.Bd3 O-O 11.O-O Ng4 12.Nd5 Nge5 13.Qe1 Nxf3+ 14.Rxf3 Bg5
15.Qd2 Bxf4 16.Rxf4 Ne5 17.Be2 Be6 18.Rd1 Bxd5 19.Qxd5 Qb6+ 20.Qd4 Rfc8 
21.Qxb6 axb6 22.Rxd6 Rxc2 23.Bb5 Rxb2 24.a4 Rc8 25.Rf2 Rb1+ 26.Rf1 Rxf1+ 
27.Kxf1 Kf8 28.Rxb6 Rc7 29.Ke2 Nc4 30.Bxc4 Rxc4 31.Kf3 Rxa4 1/2-1/2

[Event "11th Reykjavik op"]
[Site "Reykjavik ISL"]
[Date "1984.02.25"]
[Round "10"]
[White "Zaltsman, Vitaly"]
[Black "Alburt, Lev"]
[Result "1/2-1/2"]
[WhiteElo "2390"]
[BlackElo "2515"]
[EventDate "1984.02.14"]
[PlyCount "103"]

1.d4 Nf6 2.c4 c5 3.d5 b5 4.cxb5 a6 5.e3 axb5 6.Bxb5 Qa5+ 7.Nc3 Ba6 8.Bxa6 
Qxa6 9.Nge2 g6 10.O-O Bg7 11.a4 d6 12.Nb5 Qb7 13.Nec3 O-O 14.e4 Na6 15.Qe2
Nb4 16.Bg5 h6 17.Bh4 Rfe8 18.Rad1 Rac8 19.b3 Rcd8 20.f4 Nd7 21.e5 Nb6 22.
exd6 Bxc3 23.dxe7 Rd7 24.Nxc3 N6xd5 25.Nxd5 Nxd5 26.f5 Nc3 27.Qg4 Rxd1 28.
Rxd1 Nxd1 29.Qxd1 f6 30.Bxf6 Qc6 31.Be5 Rxe7 32.Qd6 Qxd6 33.Bxd6 Rd7 34.
Bxc5 gxf5 35.a5 Rd1+ 36.Kf2 Ra1 37.b4 Ra3 38.Be3 Ra2+ 39.Kf3 Kg7 40.h3 h5 
41.g3 Kf6 42.Kf4 Ke6 43.Kg5 Ra3 44.Bf4 Rb3 45.Kxh5 Rxb4 46.Bc7 Rb7 47.Bf4 
Rb5 48.Bh6 Kf6 49.a6 Ra5 50.Bg5+ Ke5 51.Bf4+ Kf6 52.Bg5+ 1/2-1/2

[Event "11th Reykjavik op"]
[Site "Reykjavik ISL"]
[Date "1984.02.26"]
[Round "11"]
[White "Alburt, Lev"]
[Black "Gutman, Lev"]
[Result "0-1"]
[WhiteElo "2515"]
[BlackElo "2480"]
[EventDate "1984.02.14"]
[PlyCount "132"]

1.d4 Nf6 2.Bg5 Ne4 3.Bf4 c5 4.f3 Nf6 5.d5 Qb6 6.Be5 e6 7.c4 exd5 8.cxd5 c4
9.Bd4 Qa5+ 10.Bc3 Qxd5 11.Bxf6 Qxd1+ 12.Kxd1 gxf6 13.e4 b5 14.Nc3 Nc6 15.
a4 bxa4 16.Rxa4 Rb8 17.Ra2 Rg8 18.Nge2 Nb4 19.Kc1 d5 20.Rxa7 Bc5 21.Rc7 
Bb6 22.Rxc8+ Rxc8 23.Nxd5 Nxd5 24.exd5 Rg5 25.Nc3 Bd4 26.Kc2 Re5 27.Nb5 
Rxd5 28.Nxd4 Rxd4 29.Be2 Rd5 30.Kc3 Rg5 31.Rg1 Rh5 32.h3 Rh4 33.Ra1 Rc5 
34.Ra4 Rg5 35.Bxc4 Kf8 36.Ra8+ Kg7 37.Bf1 Rc5+ 38.Kd2 Rb4 39.Ra2 Rb3 40.
Be2 f5 41.Bd1 Rd5+ 42.Ke2 Rbd3 43.Ba4 Rd2+ 44.Kf1 f4 45.Bb3 Rb5 46.Bc4 
Rbxb2 47.Rxb2 Rxb2 48.Bd3 Rb3 49.Be4 Rb2 50.Kg1 Rd2 51.Kh2 h6 52.h4 Kf6 
53.Kh3 Ke5 54.Bc6 f5 55.Be8 Rd6 56.Kh2 Kd4 57.Ba4 Ke3 58.Bc2 Rd5 59.Bb3 
Rc5 60.Be6 Kf2 61.Kh3 Re5 62.Bd7 h5 63.Kh2 Re7 64.Bxf5 Rg7 65.Be4 Rxg2+ 
66.Kh3 Kg1 0-1

[Event "11th Reykjavik op"]
[Site "Reykjavik ISL"]
[Date "1984.02.26"]
[Round "11"]
[White "Arnason, Jon"]
[Black "Thorsteins, Karl"]
[Result "1-0"]
[WhiteElo "2500"]
[BlackElo "2375"]
[EventDate "1984.02.14"]
[PlyCount "43"]

1.e4 c5 2.Nf3 Nc6 3.d4 cxd4 4.Nxd4 Nf6 5.Nc3 d6 6.Bg5 e6 7.Qd2 Be7 8.O-O-O
O-O 9.Nb3 Qb6 10.h4 Rd8 11.h5 d5 12.exd5 Nxd5 13.Bxe7 Ncxe7 14.h6 g6 15.
Bc4 Bd7 16.Bxd5 exd5 17.Rhe1 Be6 18.Qg5 d4 19.Ne4 Bxb3 20.Qxe7 Rdc8 21.
axb3 Qxb3 22.Nc5 1-0

[Event "11th Reykjavik op"]
[Site "Reykjavik ISL"]
[Date "1984.02.26"]
[Round "11"]
[White "Bjarnason, Saevar"]
[Black "Jonsson, Bjorgvin"]
[Result "1-0"]
[WhiteElo "2375"]
[BlackElo "2255"]
[EventDate "1984.02.14"]
[PlyCount "51"]

1.e4 c5 2.Nf3 d6 3.d4 cxd4 4.Nxd4 Nf6 5.Nc3 g6 6.Be3 Bg7 7.f3 O-O 8.Qd2 
Nc6 9.O-O-O d5 10.exd5 Nxd5 11.Nxc6 bxc6 12.Nxd5 cxd5 13.Qxd5 Qc7 14.Qc5 
Qb7 15.Qa3 a5 16.Bd4 e5 17.Bc3 Be6 18.Bd3 Rfc8 19.Be4 Qb5 20.Bxa8 Rxa8 21.
Qe7 Rf8 22.b3 Qe2 23.Kb2 Bf5 24.Rd2 Qe3 25.Rd8 Be6 26.Rhd1 1-0

[Event "11th Reykjavik op"]
[Site "Reykjavik ISL"]
[Date "1984.02.26"]
[Round "11"]
[White "Bjornsson, Tomas"]
[Black "Bergmann, Throstur"]
[Result "0-1"]
[WhiteElo "2220"]
[BlackElo "2240"]
[EventDate "1984.02.14"]
[PlyCount "60"]

1.e4 c5 2.Nf3 Nc6 3.d4 cxd4 4.Nxd4 g6 5.c4 Bg7 6.Be3 Nf6 7.Nc3 O-O 8.Be2 
d6 9.O-O Bd7 10.Nc2 Rc8 11.f4 a6 12.Rc1 Na5 13.Na3 b5 14.cxb5 axb5 15.
Naxb5 Nc4 16.Bd4 Qa5 17.Bxc4 Rxc4 18.Na3 Rb4 19.e5 Ng4 20.h3 dxe5 21.fxe5 
Nxe5 22.Bxe5 Qa7+ 23.Kh1 Bxe5 24.Qe2 Bg7 25.Qxe7 Rxb2 26.Nc4 Rxg2 27.Ne4 
Qxa2 28.Qd6 Re2 29.Nf6+ Bxf6 30.Rxf6 Qa8+ 0-1

[Event "11th Reykjavik op"]
[Site "Reykjavik ISL"]
[Date "1984.02.26"]
[Round "11"]
[White "Byrne, Robert"]
[Black "Olafsson, Fridrik"]
[Result "1-0"]
[WhiteElo "2520"]
[BlackElo "2495"]
[EventDate "1984.02.14"]
[PlyCount "61"]

1.e4 e5 2.Nf3 Nc6 3.Bb5 a6 4.Ba4 Nf6 5.O-O Be7 6.Re1 b5 7.Bb3 d6 8.c3 O-O 
9.h3 Na5 10.Bc2 c5 11.d4 Qc7 12.Nbd2 cxd4 13.cxd4 Nc6 14.Nb3 a5 15.Be3 a4 
16.Nbd2 Be6 17.a3 Na5 18.Bd3 Qb8 19.Qe2 b4 20.axb4 Qxb4 21.Reb1 exd4 22.
Bxd4 Nb3 23.Nxb3 Bxb3 24.Bc3 Qb7 25.Nd4 Rfc8 26.Nf5 Qd7 27.e5 dxe5 28.Qxe5
Bf8 29.Nh6+ gxh6 30.Bf5 Qd5 31.Qg3+ 1-0

[Event "11th Reykjavik op"]
[Site "Reykjavik ISL"]
[Date "1984.02.26"]
[Round "11"]
[White "Einarsson, Halldor"]
[Black "Arnason, Asgeir Thor"]
[Result "1-0"]
[WhiteElo "2285"]
[BlackElo "2260"]
[EventDate "1984.02.14"]
[PlyCount "67"]

1.e4 e5 2.Bc4 Nf6 3.d3 Be7 4.Nf3 d6 5.c3 O-O 6.O-O c6 7.Re1 Nbd7 8.Bb3 Qc7
9.d4 h6 10.Nbd2 Re8 11.Nf1 Bf8 12.Ng3 c5 13.Nh4 exd4 14.cxd4 cxd4 15.Qxd4 
Qc5 16.Be3 Ng4 17.Rac1 Qe5 18.Qc4 Qf6 19.Nh5 Qe6 20.Qe2 Qxe4 21.Ng3 Qe5 
22.Qxg4 Nc5 23.Bxf7+ Kxf7 24.Qg6+ Kg8 25.Bd2 Qxb2 26.Qxe8 Qxd2 27.Ng6 Nd3 
28.Qxf8+ Kh7 29.Ne4 Qxa2 30.Qe8 Qb2 31.Nf8+ Kg8 32.Nd7+ Kh7 33.Nef6+ gxf6 
34.Re7# 1-0

[Event "11th Reykjavik op"]
[Site "Reykjavik ISL"]
[Date "1984.02.26"]
[Round "11"]
[White "Geller, Efim"]
[Black "Hjartarson, Johann"]
[Result "1/2-1/2"]
[WhiteElo "2560"]
[BlackElo "2415"]
[EventDate "1984.02.14"]
[PlyCount "41"]

1.e4 e5 2.Nf3 Nc6 3.Bb5 a6 4.Ba4 Nf6 5.O-O Be7 6.Re1 b5 7.Bb3 d6 8.c3 O-O 
9.h3 Na5 10.Bc2 c5 11.d4 Qc7 12.Nbd2 cxd4 13.cxd4 Bd7 14.Nf1 Rac8 15.Ne3 
Nc6 16.Bb3 Na5 17.Bc2 Nc6 18.Bb3 Na5 19.Nd5 Nxd5 20.Bxd5 Nc4 21.a4 1/2-1/2

[Event "11th Reykjavik op"]
[Site "Reykjavik ISL"]
[Date "1984.02.26"]
[Round "11"]
[White "Gretarsson, Andri Ass"]
[Black "Thorhallsson, Throestur"]
[Result "0-1"]
[WhiteElo "2225"]
[BlackElo "2315"]
[EventDate "1984.02.14"]
[PlyCount "34"]

1.e4 e5 2.Nf3 Nc6 3.Bb5 a6 4.Ba4 Nf6 5.O-O b5 6.Bb3 Be7 7.Re1 d6 8.c3 O-O 
9.h3 Bb7 10.d4 exd4 11.cxd4 Re8 12.Ng5 d5 13.exd5 Na5 14.d6 Nxb3 15.dxe7 
Qd5 16.f3 Nxa1 17.Nc3 Qf5 0-1

[Event "11th Reykjavik op"]
[Site "Reykjavik ISL"]
[Date "1984.02.26"]
[Round "11"]
[White "Hansson, Dan"]
[Black "Halldorsson, Gudmundur"]
[Result "1/2-1/2"]
[WhiteElo "2320"]
[BlackElo "2260"]
[EventDate "1984.02.14"]
[PlyCount "33"]

1.e4 e5 2.Nf3 Nc6 3.Bb5 Nf6 4.O-O Nxe4 5.d4 a6 6.Ba4 b5 7.Bb3 d5 8.dxe5 
Be6 9.Qe2 Be7 10.Rd1 O-O 11.c4 bxc4 12.Bxc4 Bc5 13.Be3 Bxe3 14.Qxe3 Qb8 
15.Bb3 Na5 16.Nbd2 Nxd2 17.Rxd2 1/2-1/2

[Event "11th Reykjavik op"]
[Site "Reykjavik ISL"]
[Date "1984.02.26"]
[Round "11"]
[White "Haraldsson, Haraldur"]
[Black "Josteinsson, Leifur"]
[Result "1-0"]
[WhiteElo "2215"]
[BlackElo "2275"]
[EventDate "1984.02.14"]
[PlyCount "117"]

1.e4 c6 2.d4 d5 3.Nd2 dxe4 4.Nxe4 Nf6 5.Nxf6+ gxf6 6.Bf4 Bf5 7.Nf3 Nd7 8.
Bd3 e6 9.Bxf5 Qa5+ 10.Qd2 Qxf5 11.O-O-O O-O-O 12.Bg3 h5 13.Kb1 Bh6 14.Qd3 
Qxd3 15.Rxd3 Rhg8 16.Rhd1 b5 17.b3 Nb6 18.c4 bxc4 19.bxc4 Nxc4 20.Rc3 Na5 
21.d5 Rg4 22.d6 Rb4+ 23.Kc2 Kd7 24.Ne1 Nb7 25.Nd3 Rb6 26.Ra3 a5 27.Nb2 e5 
28.Nc4 Rb5 29.Bh4 Bg5 30.Rh3 Rg8 31.Bg3 Rh8 32.f3 Ke6 33.f4 Bxf4 34.Bxf4 
exf4 35.Rhd3 Rd8 36.Re1+ Kf5 37.Re7 Nc5 38.Rd1 Rd7 39.Re8 Ne6 40.Ra8 Rd5 
41.Rxa5 Rxa5 42.Nxa5 c5 43.Nc4 Nd4+ 44.Kd3 Ra7 45.a3 Rd7 46.Rb1 Nc6 47.Kc3
Ne5 48.Rd1 Ke6 49.a4 Ra7 50.a5 h4 51.h3 Kd7 52.Nb6+ Kd8 53.Ra1 f5 54.Ra4 
c4 55.Nxc4 Nxc4 56.Kxc4 Kd7 57.Kc5 Ra6 58.Kb5 Rxd6 59.a6 1-0

[Event "11th Reykjavik op"]
[Site "Reykjavik ISL"]
[Date "1984.02.26"]
[Round "11"]
[White "Hoei, Carsten"]
[Black "Solmundarson, Magnus"]
[Result "1/2-1/2"]
[WhiteElo "2400"]
[BlackElo "2265"]
[EventDate "1984.02.14"]
[PlyCount "177"]

1.d4 d5 2.Nf3 Nf6 3.c4 c6 4.e3 g6 5.Nc3 Bg7 6.Bd3 Bg4 7.h3 Bxf3 8.Qxf3 e6 
9.O-O O-O 10.Rd1 Nbd7 11.b3 Re8 12.Bb2 e5 13.cxd5 cxd5 14.dxe5 Nxe5 15.Qe2
Qa5 16.Nb5 Nxd3 17.Qxd3 a6 18.Nd4 Ne4 19.Rdc1 Rac8 20.Rc2 Rxc2 21.Qxc2 Nd6
22.Rd1 Rc8 23.Qb1 Ne4 24.Ne2 Bxb2 25.Qxb2 Nc3 26.Nxc3 Qxc3 27.Qxc3 Rxc3 
28.Rd2 Kf8 29.g4 Rc5 30.Kg2 Ke7 31.h4 Ke6 32.Kf3 Rc1 33.Rd4 Ra1 34.Rb4 b5 
35.a4 bxa4 36.Rb6+ Ke7 37.Rxa6 a3 38.Kf4 a2 39.f3 h6 40.g5 h5 41.b4 Rh1 
42.Rxa2 Rxh4+ 43.Ke5 Rxb4 44.Ra7+ Kf8 45.Ra8+ Kg7 46.Ra5 Rb3 47.Rxd5 Rxe3+
48.Kf4 Re1 49.Kg3 Kf8 50.Ra5 Ke7 51.Ra7+ Ke6 52.Ra6+ Kf5 53.Rf6+ Kxg5 54.
Rxf7 Re3 55.Ra7 h4+ 56.Kf2 Re5 57.Kg2 Rb5 58.Ra4 Kh5 59.Ra8 g5 60.Ra6 Rf5 
61.Rb6 Rf7 62.Ra6 Rg7 63.Rb6 Rg6 64.Rb8 Rf6 65.Rh8+ Kg6 66.Ra8 Rd6 67.Rg8+
Kf5 68.Rf8+ Rf6 69.Ra8 Re6 70.Rf8+ Ke5 71.Ra8 Rd6 72.Re8+ Kf6 73.Rf8+ Kg7 
74.Rf5 Kg6 75.Rf8 Rd5 76.Rg8+ Kf7 77.Ra8 Rd2+ 78.Kg1 Ke6 79.Rf8 Ke5 80.Rf7
Rc2 81.Rf8 Kd4 82.Re8 Rc5 83.Kf2 Rc2+ 84.Kg1 Ra2 85.Re4+ Kd3 86.Re5 Ra1+ 
87.Kg2 Ra2+ 88.Kh3 Rf2 89.Rxg5 1/2-1/2

[Event "11th Reykjavik op"]
[Site "Reykjavik ISL"]
[Date "1984.02.26"]
[Round "11"]
[White "Johannesson, Larus"]
[Black "Halldorsson, Bragi"]
[Result "1-0"]
[WhiteElo "2300"]
[BlackElo "2250"]
[EventDate "1984.02.14"]
[PlyCount "71"]

1.e4 c6 2.d4 d5 3.Nd2 dxe4 4.Nxe4 Bf5 5.Ng3 Bg6 6.h4 h6 7.Nf3 Nd7 8.h5 Bh7
9.Bd3 Bxd3 10.Qxd3 Ngf6 11.Bf4 e6 12.O-O-O Be7 13.Rhe1 a5 14.Kb1 a4 15.Ne5
a3 16.b3 O-O 17.Nxd7 Nxd7 18.Ne4 b5 19.g4 Nb6 20.Qg3 Nd5 21.Bc1 b4 22.Rg1 
Ra5 23.f4 c5 24.g5 hxg5 25.fxg5 cxd4 26.Nf6+ Bxf6 27.gxf6 Qxf6 28.Rdf1 
Nc3+ 29.Ka1 Rf5 30.Rxf5 exf5 31.Bg5 f4 32.Qh4 Qf5 33.Bf6 Re8 34.Bxg7 Ne2 
35.Rg5 Ng3 36.Be5+ 1-0

[Event "11th Reykjavik op"]
[Site "Reykjavik ISL"]
[Date "1984.02.26"]
[Round "11"]
[White "Jonasson, Benedikt"]
[Black "Nykopp, Jan-Michael"]
[Result "1-0"]
[WhiteElo "2210"]
[BlackElo "2300"]
[EventDate "1984.02.14"]
[PlyCount "55"]

1.e4 c5 2.Nf3 d6 3.d4 cxd4 4.Nxd4 Nf6 5.Nc3 Nc6 6.Bc4 e6 7.Bb3 Be7 8.O-O 
Nxd4 9.Qxd4 O-O 10.f4 Nd7 11.Be3 Nc5 12.Rad1 Nxb3 13.axb3 b6 14.e5 Ba6 15.
Rf3 d5 16.f5 exf5 17.Qf4 Bb7 18.Qxf5 Qc8 19.Nxd5 Bxd5 20.Rxd5 Qa6 21.Rd7 
g6 22.Qe4 Bc5 23.e6 Bxe3+ 24.Qxe3 Qa1+ 25.Rf1 Qxb2 26.Rdxf7 Rxf7 27.exf7+ 
Kg7 28.f8=Q+ 1-0

[Event "11th Reykjavik op"]
[Site "Reykjavik ISL"]
[Date "1984.02.26"]
[Round "11"]
[White "King, Daniel John"]
[Black "Chandler, Murray Graham"]
[Result "0-1"]
[WhiteElo "2435"]
[BlackElo "2515"]
[EventDate "1984.02.14"]
[PlyCount "58"]

1.Nf3 d5 2.d4 c5 3.c4 e6 4.cxd5 exd5 5.g3 Nc6 6.Bg2 Nf6 7.O-O Be7 8.Nc3 
O-O 9.dxc5 Bxc5 10.Bg5 d4 11.Bxf6 Qxf6 12.Nd5 Qd8 13.Nd2 Re8 14.Rc1 Bb6 
15.Re1 Be6 16.Nf4 Bxa2 17.b3 Ba5 18.Bd5 d3 19.e3 Ne5 20.Kf1 Rc8 21.Ra1 Rc2
22.Rxa2 Rxa2 23.b4 Bxb4 24.Bxa2 Qa5 25.Nxd3 Nxd3 26.Qb3 Qf5 27.Re2 Nc1 28.
Qc4 Rc8 29.g4 Rxc4 0-1

[Event "11th Reykjavik op"]
[Site "Reykjavik ISL"]
[Date "1984.02.26"]
[Round "11"]
[White "Knezevic, Milorad"]
[Black "Lagerman, Robert"]
[Result "1/2-1/2"]
[WhiteElo "2450"]
[BlackElo "2295"]
[EventDate "1984.02.14"]
[PlyCount "23"]

1.d4 Nf6 2.Nf3 e6 3.e3 c5 4.b3 b6 5.Bb2 Be7 6.Bd3 Bb7 7.O-O O-O 8.c4 cxd4 
9.exd4 d5 10.Nc3 Nc6 11.Qe2 Rc8 12.Rad1 1/2-1/2

[Event "11th Reykjavik op"]
[Site "Reykjavik ISL"]
[Date "1984.02.26"]
[Round "11"]
[White "Meyer, Holger"]
[Black "McCambridge, Vincent"]
[Result "1/2-1/2"]
[WhiteElo "2305"]
[BlackElo "2465"]
[EventDate "1984.02.14"]
[PlyCount "28"]

1.d4 d5 2.c4 e6 3.Nc3 c5 4.cxd5 exd5 5.Nf3 Nc6 6.g3 Nf6 7.Bg2 Be7 8.O-O 
O-O 9.dxc5 Bxc5 10.Bg5 d4 11.Bxf6 Qxf6 12.Nd5 Qd8 13.Nd2 Re8 14.Re1 Bg4 
1/2-1/2

[Event "11th Reykjavik op"]
[Site "Reykjavik ISL"]
[Date "1984.02.26"]
[Round "11"]
[White "Ornstein, Axel"]
[Black "Angantysson, Haukur"]
[Result "1/2-1/2"]
[WhiteElo "2405"]
[BlackElo "2395"]
[EventDate "1984.02.14"]
[PlyCount "112"]

1.e4 c5 2.Nf3 e6 3.d4 cxd4 4.Nxd4 Nf6 5.Nc3 Nc6 6.Ndb5 d6 7.Bf4 e5 8.Bg5 
a6 9.Na3 b5 10.Bxf6 gxf6 11.Nd5 Bg7 12.c4 f5 13.cxb5 Nd4 14.exf5 Bxf5 15.
Ne3 Bh6 16.Bd3 Bxd3 17.Qxd3 Qa5+ 18.Kf1 axb5 19.Nec2 Nxc2 20.Nxc2 O-O 21.
Qxd6 Ra6 22.Qa3 Rc8 23.Qxa5 Rxa5 24.Ne1 e4 25.h4 Rc1 26.Rxc1 Bxc1 27.Rh3 
Rxa2 28.Rc3 Bxb2 29.Rc8+ Kg7 30.Nc2 Bf6 31.Ne3 Ra1+ 32.Ke2 Ra2+ 33.Kf1 h5 
34.Nf5+ Kg6 35.Nd6 Bd4 36.Nxe4 f5 37.Rd8 fxe4 38.Rxd4 Ra1+ 39.Ke2 Kf5 40.
Rd5+ Kg4 41.g3 Ra2+ 42.Ke3 b4 43.Rg5+ Kh3 44.Rxh5 Kg2 45.Rf5 b3 46.h5 b2 
47.Rb5 Ra3+ 48.Kxe4 Ra4+ 49.Ke3 Ra3+ 50.Ke2 Ra2 51.Kd3 Kxf2 52.g4 Kf3 53.
g5 Ra5 54.Rxb2 Rxg5 55.h6 Rd5+ 56.Kc4 Rh5 1/2-1/2

[Event "11th Reykjavik op"]
[Site "Reykjavik ISL"]
[Date "1984.02.26"]
[Round "11"]
[White "Ostermeyer, Peter"]
[Black "Balashov, Yury"]
[Result "1/2-1/2"]
[WhiteElo "2460"]
[BlackElo "2535"]
[EventDate "1984.02.14"]
[PlyCount "100"]

1.d4 d5 2.c4 dxc4 3.e3 Nf6 4.Bxc4 e6 5.Nf3 c5 6.O-O a6 7.a4 Nc6 8.Qe2 Qc7 
9.Nc3 Bd6 10.h3 O-O 11.Rd1 Re8 12.Ng5 Be7 13.Nge4 Nxe4 14.Nxe4 cxd4 15.
exd4 Na5 16.Ba2 Bd7 17.d5 exd5 18.Bxd5 Bc6 19.Be3 Rad8 20.Qc2 Qe5 21.Bxc6 
Nxc6 22.Rxd8 Rxd8 23.Nd2 Nd4 24.Bxd4 Qxd4 25.Nf3 Qd5 26.Rc1 Bf6 27.b3 h6 
28.Re1 Qd7 29.Qe4 b5 30.axb5 Qxb5 31.Re3 a5 32.g4 Qd5 33.Qxd5 Rxd5 34.Re8+
Kh7 35.Kf1 g6 36.Ke2 Rb5 37.Re3 Rb4 38.Rd3 Rb5 39.Nd2 Kg7 40.Ne4 Be7 41.
Nd2 Bb4 42.Ne4 Rb7 43.f4 Rb5 44.Kf3 Be7 45.Ke3 f5 46.gxf5 Rxf5 47.Nc3 Bb4 
48.Ke4 Kf7 49.Ne2 Rb5 50.Nd4 Rb6 1/2-1/2

[Event "11th Reykjavik op"]
[Site "Reykjavik ISL"]
[Date "1984.02.26"]
[Round "11"]
[White "Petursson, Palmi"]
[Black "Kristjansson, Bragi"]
[Result "1/2-1/2"]
[WhiteElo "2370"]
[BlackElo "2295"]
[EventDate "1984.02.14"]
[PlyCount "24"]

1.e4 e6 2.d4 d5 3.Nd2 dxe4 4.Nxe4 Nd7 5.Nf3 Be7 6.c4 Ngf6 7.Nc3 O-O 8.Be2 
c5 9.O-O a6 10.h3 Qc7 11.Qc2 b6 12.Bg5 Bb7 1/2-1/2

[Event "11th Reykjavik op"]
[Site "Reykjavik ISL"]
[Date "1984.02.26"]
[Round "11"]
[White "Ree, Hans"]
[Black "Petursson, Margeir"]
[Result "1/2-1/2"]
[WhiteElo "2480"]
[BlackElo "2465"]
[EventDate "1984.02.14"]
[PlyCount "109"]

1.d4 d5 2.c4 e6 3.Nf3 c5 4.cxd5 exd5 5.g3 Nc6 6.Bg2 Nf6 7.O-O Be7 8.dxc5 
Bxc5 9.Nc3 O-O 10.Na4 Be7 11.Be3 Re8 12.Rc1 Bg4 13.h3 Bh5 14.Nd4 Qd7 15.
Nxc6 bxc6 16.Re1 Bb4 17.Bd2 Bf8 18.Bf4 Re6 19.g4 Bg6 20.Qd4 Rae8 21.e3 h5 
22.f3 Qb7 23.Nc5 Bxc5 24.Rxc5 Nd7 25.Rcc1 f6 26.b3 Bf7 27.Bg3 Qb6 28.Qxb6 
axb6 29.e4 dxe4 30.Rxe4 Rxe4 31.fxe4 c5 32.Rd1 Ne5 33.gxh5 b5 34.Bf1 b4 
35.Rc1 Nf3+ 36.Kg2 Ng5 37.Rxc5 Nxe4 38.Rb5 Ra8 39.Bd3 Nc3 40.Rxb4 Rxa2+ 
41.Kg1 Bxh5 42.Rb8+ Kf7 43.Rb7+ Ke6 44.Rxg7 Be2 45.Bxe2 Nxe2+ 46.Kf1 Nd4 
47.Rb7 Ne2 48.Bb8 Nd4 49.b4 Kd5 50.Ba7 Nf5 51.b5 Nd6 52.Rh7 Nxb5 53.Rh5+ 
Kc4 54.Bf2 Nc3 55.Rf5 1/2-1/2

[Event "11th Reykjavik op"]
[Site "Reykjavik ISL"]
[Date "1984.02.26"]
[Round "11"]
[White "Schneider, Lars-Aake"]
[Black "Christiansen, Larry"]
[Result "1/2-1/2"]
[WhiteElo "2440"]
[BlackElo "2550"]
[EventDate "1984.02.14"]
[PlyCount "90"]

1.e4 g6 2.d4 Bg7 3.Nc3 d6 4.f4 Nf6 5.Nf3 O-O 6.Be3 c6 7.Qd2 Nbd7 8.O-O-O 
b5 9.e5 b4 10.exf6 bxc3 11.Qxc3 Nxf6 12.Qxc6 Rb8 13.Bc4 Bd7 14.Qa6 Qc7 15.
Bb3 Rfc8 16.Kb1 Bb5 17.Qa3 a5 18.c4 Bd7 19.Rc1 Qb7 20.Rhe1 a4 21.Bd1 Ne4 
22.Re2 Qa6 23.Rec2 Rc7 24.Be2 Qa5 25.Bd3 Bc6 26.d5 Bxd5 27.cxd5 Qxd5 28.
Be2 Nc5 29.Bxc5 Rxc5 30.Rxc5 dxc5 31.Rc2 Qe4 32.Bd3 Qe3 33.Re2 Qxf4 34.
Qxc5 Bf6 35.a3 Kg7 36.h3 Rb7 37.Ne5 Qf1+ 38.Ka2 Qd1 39.Qd5 Bxe5 40.Qxe5+ 
f6 41.Qd5 Rd7 42.Qxd7 Qb3+ 43.Ka1 Qd1+ 44.Ka2 Qb3+ 45.Ka1 Qd1+ 1/2-1/2

[Event "11th Reykjavik op"]
[Site "Reykjavik ISL"]
[Date "1984.02.26"]
[Round "11"]
[White "Schuessler, Harry"]
[Black "Shamkovich, Leonid"]
[Result "1-0"]
[WhiteElo "2445"]
[BlackElo "2450"]
[EventDate "1984.02.14"]
[PlyCount "101"]

1.d4 d5 2.c4 dxc4 3.Nc3 c6 4.e3 Nf6 5.Bxc4 g6 6.Qb3 e6 7.Nf3 Nbd7 8.e4 Bg7
9.O-O O-O 10.Rd1 Qe7 11.Bf4 b5 12.Bd3 a6 13.Rac1 Bb7 14.e5 Nd5 15.Bg5 f6 
16.exf6 Bxf6 17.Nxd5 exd5 18.Re1 Qd6 19.Bxf6 Qxf6 20.Qc3 Rae8 21.b4 Nb6 
22.Rxe8 Rxe8 23.Re1 Rxe1+ 24.Qxe1 Kf8 25.Qc1 Nc4 26.Qh6+ Kg8 27.Qh3 Qe7 
28.Qg3 Bc8 29.h4 Nd6 30.Ne5 Bf5 31.Nxc6 Qe1+ 32.Kh2 Bxd3 33.Qxd6 Qxf2 34.
Qxd5+ Kg7 35.Qe5+ Kg8 36.Qe8+ Kg7 37.Qe5+ Kg8 38.Qg3 Qxg3+ 39.Kxg3 Be4 40.
Ne5 Kf8 41.Nd7+ Ke7 42.Nc5 Bb1 43.a3 Kd6 44.Kf4 Kd5 45.Ke3 h6 46.Nxa6 g5 
47.hxg5 hxg5 48.Nc7+ Kc6 49.Ne6 g4 50.Nf4 Kd6 51.Ne2 1-0

[Event "11th Reykjavik op"]
[Site "Reykjavik ISL"]
[Date "1984.02.26"]
[Round "11"]
[White "Taylor, Gordon"]
[Black "Hector, Jonny"]
[Result "0-1"]
[WhiteElo "2325"]
[BlackElo "2350"]
[EventDate "1984.02.14"]
[PlyCount "114"]

1.d4 Nf6 2.c4 e5 3.dxe5 Ng4 4.Bf4 Nc6 5.Nf3 Bb4+ 6.Nbd2 Qe7 7.a3 Ngxe5 8.
Nxe5 Nxe5 9.e3 Bxd2+ 10.Qxd2 d6 11.Be2 O-O 12.O-O b6 13.Rac1 Bb7 14.Rfd1 
a5 15.b4 Nd7 16.f3 Ra7 17.c5 bxc5 18.Bb5 axb4 19.axb4 Nb6 20.bxc5 dxc5 21.
e4 Ba6 22.Bxa6 Rxa6 23.Be3 c4 24.Bxb6 cxb6 25.Rxc4 b5 26.Qb4 Qa7+ 27.Rcd4 
Ra4 28.Qd6 b4 29.Qd7 Qa5 30.h3 h6 31.Rd5 Qb6+ 32.Kh2 Ra2 33.Rb5 Qf2 34.Qg4
Qc2 35.Rd7 b3 36.Rdb7 b2 37.e5 h5 38.Qg5 Qc1 39.h4 Ra1 40.Rxb2 Qh1+ 41.Kg3
Qe1+ 42.Kh2 Ra4 43.f4 Ra1 44.Qxh5 g6 45.Qg4 Rd8 46.R7b3 Rad1 47.Rf3 R8d3 
48.Rbf2 Qg1+ 49.Kg3 Qe1 50.Qc8+ Kg7 51.Kg4 Rxf3 52.Rxf3 Qe2 53.Qc3 Qxg2+ 
54.Rg3 Qe4 55.Rf3 Rg1+ 56.Kh3 Qe2 57.e6+ Kh7 0-1

[Event "11th Reykjavik op"]
[Site "Reykjavik ISL"]
[Date "1984.02.26"]
[Round "11"]
[White "Wedberg, Tom"]
[Black "Sigurjonsson, Gudmundur"]
[Result "0-1"]
[WhiteElo "2495"]
[BlackElo "2470"]
[EventDate "1984.02.14"]
[PlyCount "62"]

1.e4 c5 2.Nf3 d6 3.d4 cxd4 4.Nxd4 Nf6 5.Nc3 a6 6.Bg5 e6 7.f4 Qb6 8.Qd2 
Qxb2 9.Rb1 Qa3 10.Be2 Nbd7 11.O-O Qc5 12.Kh1 Be7 13.f5 e5 14.Ne6 fxe6 15.
fxe6 Nf8 16.Be3 Qc6 17.Rxf6 gxf6 18.Rb6 Qc7 19.Nd5 Qd8 20.Rb3 Bxe6 21.Bh5+
Ng6 22.Bb6 Qd7 23.Qh6 Kf7 24.Rc3 Bxd5 25.exd5 Qb5 26.Bg1 Qxd5 27.Rc7 Rag8 
28.Be2 Qe6 29.Rxb7 Nf4 30.Bh5+ Nxh5 31.Qxh5+ Rg6 0-1

[Event "11th Reykjavik op"]
[Site "Reykjavik ISL"]
[Date "1984.02.26"]
[Round "11"]
[White "Wesseln, Kai"]
[Black "Gudmundsson, Elvar"]
[Result "1-0"]
[WhiteElo "2350"]
[BlackElo "2330"]
[EventDate "1984.02.14"]
[PlyCount "53"]

1.d4 Nf6 2.c4 e6 3.Nc3 d5 4.cxd5 exd5 5.Bg5 Be7 6.e3 c6 7.Qc2 Nbd7 8.Bd3 
Nf8 9.Nf3 Ne6 10.Bh4 g6 11.O-O O-O 12.Rab1 a5 13.a3 c5 14.dxc5 Nxc5 15.Nd4
Ng4 16.Bxe7 Qxe7 17.Nxd5 Qe5 18.Nf4 Nxe3 19.fxe3 Qxe3+ 20.Qf2 Qxf2+ 21.
Rxf2 Rd8 22.Nf3 g5 23.Nxg5 Nxd3 24.Rd2 Bf5 25.Rbd1 Rd4 26.Nxd3 Rad8 27.
Nxf7 1-0

[Event "11th Reykjavik op"]
[Site "Reykjavik ISL"]
[Date "1984.02.26"]
[Round "11"]
[White "Zaltsman, Vitaly"]
[Black "Lobron, Eric"]
[Result "1-0"]
[WhiteElo "2390"]
[BlackElo "2520"]
[EventDate "1984.02.14"]
[PlyCount "67"]

1.d4 Nf6 2.c4 e6 3.Nf3 c5 4.d5 exd5 5.cxd5 d6 6.Nc3 g6 7.Nd2 Bg7 8.e4 O-O 
9.Be2 Nbd7 10.f4 Re8 11.O-O c4 12.Kh1 Nc5 13.e5 dxe5 14.Nxc4 exf4 15.Bxf4 
Nce4 16.Bf3 Bf5 17.Qb3 Rc8 18.Ne3 Nc5 19.Qa3 Bd3 20.Rfd1 a5 21.Rac1 b5 22.
Nxb5 Nfe4 23.Nd6 Nf2+ 24.Kg1 Nxd1 25.Rxc5 Bd4 26.Rxc8 Qxc8 27.Qxd3 Nxe3 
28.Qxd4 Qc1+ 29.Kf2 Qc2+ 30.Kg3 Nf5+ 31.Nxf5 Qxf5 32.Bh6 Re5 33.Bg4 Qf6 
34.Bf4 1-0